Statistics for Closest capital

Click here to take the quiz!

General Stats

  • This quiz has been taken 24 times
  • The average score is 9 of 10

Answer Stats

DistanceCity% Correct
358 kmAmsterdam
100%
932 kmBerlin
100%
466 kmDublin
100%
490 kmLuxembourg
100%
343 kmParis
100%
321 kmBrussels
96%
958 kmCopenhagen
96%
747 kmBern
91%
850 kmVaduz
87%
1,008 kmAndorra la Vella
74%

Score Distribution

Percentile by Number Answered

Percent of People with Each Score

Your Score History

You have not taken this quiz